[Event "Kostroma Moskalev Memorial"]
[Site "Kostroma"]
[Date "2010.03.??"]
[Round "?"]
[White "Bobrov, Alexey"]
[Black "Maslov, Mikhail"]
[Result "0-1"]
[WhiteElo "2055"]
[BlackElo "2339"]
[PlyCount "64"]
[EventDate "2010.03.19"]
[EventType "swiss"]
[EventRounds "9"]
[EventCountry "RUS"]
[SourceTitle "EXT 2023"]
[Source "ChessBase"]
[SourceDate "2022.10.05"]
[SourceVersion "1"]
[SourceVersionDate "2022.10.05"]
[SourceQuality "1"]

1. d4 Nf6 2. Nf3 g6 3. g3 Bg7 4. Bg2 0-0 5. 0-0 d6 6. c4 Nbd7 7. Nc3 e5 8. e4 c6 9. h3 Ne8 10. Re1 Qc7 11. Be3 f5 12. Qd2 fxe4 13. Nxe4 Nb6 14. Qe2 d5 15. cxd5 cxd5 16. Rac1 Qe7 17. Nc5 e4 18. Nd2 Nd6 19. Red1 Nf5 20. Ndb3 Nc4 21. Kh2 Ncxe3 22. fxe3 Nxg3 23. Qe1 Nf5 24. Rd2 Qe8 25. Na1 g5 26. Bf1 Nh4 27. Bg2 Nf3+ 28. Bxf3 Rxf3 29. Rg2 Qh5 30. Rg3 Bxh3 31. Rc2 Rf1 32. Rxh3 Qxh3+ 0-1

[Event "Kostroma Moskalev Memorial"]
[Site "Kostroma"]
[Date "2010.03.??"]
[Round "?"]
[White "Maslov, Mikhail"]
[Black "Lubimtsev, Alexey"]
[Result "1-0"]
[WhiteElo "2339"]
[BlackElo "1914"]
[PlyCount "41"]
[EventDate "2010.03.19"]
[EventType "swiss"]
[EventRounds "9"]
[EventCountry "RUS"]
[SourceTitle "EXT 2023"]
[Source "ChessBase"]
[SourceDate "2022.10.05"]
[SourceVersion "1"]
[SourceVersionDate "2022.10.05"]
[SourceQuality "1"]

1. c4 e5 2. Nc3 Nf6 3. Nf3 Nc6 4. d4 e4 5. Ne5 Bb4 6. Bg5 h6 7. Bh4 e3 8. fxe3 g5 9. Bg3 Ne4 10. Qd3 d5 11. cxd5 Bf5 12. Qc4 Nxg3 13. hxg3 Bxc3+ 14. bxc3 Na5 15. Qa4+ c6 16. dxc6 0-0 17. cxb7 Rb8 18. Rxh6 f6 19. Nc6 Qc7 20. Qxa5 Qxc6 21. Qxf5 1-0

[Event "Kostroma Moskalev Memorial"]
[Site "Kostroma"]
[Date "2010.03.??"]
[Round "?"]
[White "Maslov, Mikhail"]
[Black "Mikhailov, Viacheslav"]
[Result "1/2-1/2"]
[WhiteElo "2339"]
[BlackElo "2150"]
[PlyCount "66"]
[EventDate "2010.03.19"]
[EventType "swiss"]
[EventRounds "9"]
[EventCountry "RUS"]
[SourceTitle "EXT 2023"]
[Source "ChessBase"]
[SourceDate "2022.10.05"]
[SourceVersion "1"]
[SourceVersionDate "2022.10.05"]
[SourceQuality "1"]

1. c4 Nf6 2. Nf3 g6 3. g3 Bg7 4. d4 0-0 5. Bg2 d6 6. 0-0 c6 7. Nc3 Bg4 8. h3 Bxf3 9. Bxf3 e5 10. Be3 Nbd7 11. Qb3 Qc7 12. Rfd1 Rad8 13. Rac1 h6 14. Qa4 a6 15. b4 exd4 16. Bxd4 Ne5 17. b5 Nxf3+ 18. exf3 Nd7 19. bxc6 bxc6 20. Ne4 Bxd4 21. Rxd4 Ne5 22. Qa3 c5 23. Nf6+ Kg7 24. Rf4 Qb7 25. g4 Qb4 26. Qxb4 cxb4 27. Rd1 a5 28. Kg2 Rc8 29. Rxd6 Rxc4 30. Rxc4 Nxc4 31. Rc6 Ne5 32. Ra6 Rd8 33. h4 Rd3 1/2-1/2

[Event "Kostroma Moskalev Memorial"]
[Site "Kostroma"]
[Date "2010.03.??"]
[Round "?"]
[White "Smirnov, Nikolai M"]
[Black "Maslov, Mikhail"]
[Result "1/2-1/2"]
[WhiteElo "1977"]
[BlackElo "2339"]
[PlyCount "73"]
[EventDate "2010.03.19"]
[EventType "swiss"]
[EventRounds "9"]
[EventCountry "RUS"]
[SourceTitle "EXT 2023"]
[Source "ChessBase"]
[SourceDate "2022.10.05"]
[SourceVersion "1"]
[SourceVersionDate "2022.10.05"]
[SourceQuality "1"]

1. d4 Nf6 2. c4 g6 3. Nc3 Bg7 4. e4 d6 5. g3 0-0 6. Bg2 Nbd7 7. Nge2 e5 8. 0-0 c6 9. h3 Ne8 10. Be3 f5 11. f4 Qe7 12. Qd2 Nb6 13. b3 exd4 14. Bxd4 fxe4 15. Bxg7 Nxg7 16. Nxe4 d5 17. cxd5 Nxd5 18. N2c3 Nxc3 19. Qxc3 Bf5 20. Rfe1 Bxe4 21. Rxe4 Qd6 22. Rae1 Rfe8 23. Bf3 Rxe4 24. Rxe4 Rd8 25. Bg4 Kf7 26. Qc4+ Kf8 27. Kf2 c5 28. Qc3 Qd2+ 29. Qxd2 Rxd2+ 30. Re2 Rd4 31. Ke3 h5 32. Bc8 b6 33. Rd2 Rxd2 34. Kxd2 Ke7 35. g4 Kd6 36. Kd3 b5 37. Ke4 1/2-1/2

[Event "Kostroma Volga Cup op"]
[Site "Kostroma"]
[Date "2009.07.??"]
[Round "3"]
[White "Apryshko, Gleb"]
[Black "Maslov, Mikhail"]
[Result "1/2-1/2"]
[WhiteElo "2181"]
[BlackElo "2324"]
[PlyCount "114"]
[EventDate "2009.07.03"]
[EventType "swiss"]
[EventRounds "9"]
[EventCountry "RUS"]
[SourceTitle "EXT 2021"]
[Source "ChessBase"]
[SourceDate "2020.10.23"]
[SourceVersion "1"]
[SourceVersionDate "2020.10.23"]
[SourceQuality "1"]

1. e4 c5 2. Nf3 d6 3. Bb5+ Bd7 4. Bxd7+ Qxd7 5. 0-0 Nc6 6. c3 Nf6 7. d4 Nxe4 8. d5 Ne5 9. Re1 Nxf3+ 10. Qxf3 Nf6 11. Na3 e5 12. dxe6 fxe6 13. Bg5 Be7 14. Qe2 d5 15. Qxe6 Qxe6 16. Rxe6 Kd7 17. Re5 Rad8 18. Rae1 Rhe8 19. Nb5 Ng8 20. Bxe7 Rxe7 21. c4 Rxe5 22. Rxe5 dxc4 23. Rd5+ Ke7 24. Rxd8 Kxd8 25. Nxa7 Nf6 26. Nb5 Kd7 27. Na3 c3 28. bxc3 Nd5 29. Nb1 Kc6 30. c4 Nb4 31. a3 Nd3 32. Kf1 Nb2 33. Nd2 b5 34. cxb5+ Kxb5 35. Ke2 c4 36. Ne4 Ka4 37. Kd2 Kb3 38. Nc5+ Kxa3 39. Kc3 Nd1+ 40. Kxc4 Nxf2 41. Ne6 Ng4 42. Kd4 Nxh2 43. Nxg7 Kb4 44. Nh5 Ng4 45. Ke4 Kc5 46. Kf4 Nf2 47. Nf6 Kd6 48. Nxh7 Ke6 49. Ng5+ Kf6 50. Nf3 Nd3+ 51. Ke4 Nf2+ 52. Ke3 Ng4+ 53. Kf4 Nh6 54. Ne5 Nf5 55. g4 Nh6 56. g5+ Kg7 57. gxh6+ Kxh6 1/2-1/2

[Event "Kostroma Volga Cup op"]
[Site "Kostroma"]
[Date "2009.07.??"]
[Round "4"]
[White "Maslov, Mikhail"]
[Black "Uraev, Ivan"]
[Result "1-0"]
[WhiteElo "2324"]
[BlackElo "2213"]
[PlyCount "101"]
[EventDate "2009.07.03"]
[EventType "swiss"]
[EventRounds "9"]
[EventCountry "RUS"]
[SourceTitle "EXT 2021"]
[Source "ChessBase"]
[SourceDate "2020.10.23"]
[SourceVersion "1"]
[SourceVersionDate "2020.10.23"]
[SourceQuality "1"]

1. c4 Nf6 2. g3 c5 3. Bg2 e6 4. Nf3 Be7 5. 0-0 0-0 6. Nc3 a6 7. d4 cxd4 8. Nxd4 Qc7 9. Qb3 d6 10. Bd2 Nbd7 11. Rac1 Re8 12. Rfd1 Rb8 13. h3 Ne5 14. Ne4 Nxe4 15. Bxe4 Bd7 16. Rc3 h5 17. Qc2 f5 18. Bg2 Bf6 19. Be1 Nc6 20. e3 Rbd8 21. Qe2 g6 22. Rc2 Kg7 23. Bc3 e5 24. Nxc6 Bxc6 25. Bd5 e4 26. Bxf6+ Kxf6 27. Qd2 Re5 28. Qc3 h4 29. Rcd2 hxg3 30. fxg3 b6 31. Bxc6 Qxc6 32. Rd5 Qc7 33. Qd4 Ke7 34. b4 Rd7 35. a4 a5 36. bxa5 bxa5 37. g4 fxg4 38. hxg4 Ke6 39. c5 Rxd5 40. Qxd5+ Kf6 41. g5+ Kg7 42. Qd4+ Kh7 43. Kg2 Rg7 44. Qxd6 Qc8 45. Kg3 Qf5 46. Qf4 Qxc5 47. Qh4+ Kg8 48. Rd8+ Kf7 49. Qf4+ Qf5 50. Qc7+ Ke6 51. Rd6+ 1-0

[Event "Kostroma Volga Cup op"]
[Site "Kostroma"]
[Date "2009.07.??"]
[Round "1"]
[White "Pimenov, Valeri"]
[Black "Maslov, Mikhail"]
[Result "0-1"]
[WhiteElo "1812"]
[BlackElo "2324"]
[PlyCount "58"]
[EventDate "2009.07.03"]
[EventType "swiss"]
[EventRounds "9"]
[EventCountry "RUS"]
[SourceTitle "EXT 2021"]
[Source "ChessBase"]
[SourceDate "2020.10.23"]
[SourceVersion "1"]
[SourceVersionDate "2020.10.23"]
[SourceQuality "1"]

1. c4 e5 2. Nc3 Nc6 3. g3 g6 4. Bg2 Bg7 5. Nf3 d6 6. d3 f5 7. Rb1 a5 8. a3 Nge7 9. 0-0 0-0 10. Nd5 h6 11. Ne1 g5 12. e4 f4 13. g4 Ng6 14. f3 Nd4 15. b3 Be6 16. Nc2 c6 17. Nxd4 exd4 18. a4 cxd5 19. exd5 Bd7 20. Ba3 Qc7 21. h3 Ne5 22. Rf2 Be8 23. Bf1 Bg6 24. Rbb2 Rfe8 25. Qd2 Nd7 26. Rb1 Re3 27. Rd1 Ne5 28. Kg2 Nxd3 29. Bxd3 Rxd3 0-1

[Event "Kostroma Moskalev Memorial"]
[Site "Kostroma"]
[Date "2009.03.??"]
[Round "9"]
[White "Maslov, Mikhail"]
[Black "Smirnov, Nikolai M"]
[Result "1-0"]
[WhiteElo "2319"]
[BlackElo "2027"]
[PlyCount "83"]
[EventDate "2009.03.22"]
[EventType "swiss"]
[EventRounds "9"]
[EventCountry "RUS"]
[SourceTitle "EXT 2022"]
[Source "ChessBase"]
[SourceDate "2021.10.06"]
[SourceVersion "1"]
[SourceVersionDate "2021.10.06"]
[SourceQuality "1"]

1. c4 c6 2. g3 d5 3. Bg2 e6 4. Nf3 Bd6 5. 0-0 f5 6. d3 Nf6 7. Nc3 0-0 8. e4 Nbd7 9. cxd5 cxd5 10. Nd4 Nb6 11. exf5 e5 12. Ne6 Bxe6 13. fxe6 Qe7 14. Bh3 Rad8 15. Qb3 Kh8 16. a4 Bb8 17. a5 Na8 18. Bg5 Nc7 19. Qxb7 h6 20. Bd2 Rfe8 21. b4 Nxe6 22. Qxe7 Rxe7 23. Rfb1 Nd4 24. Bg2 e4 25. dxe4 Nxe4 26. Nxe4 dxe4 27. Ra2 a6 28. Be3 Ba7 29. Rd2 Nf3+ 30. Bxf3 Rxd2 31. Bxd2 exf3 32. Kf1 Re2 33. Be1 g5 34. Rd1 Re7 35. Rd6 Kh7 36. Rxa6 h5 37. Rc6 Bd4 38. b5 h4 39. gxh4 gxh4 40. Bc3 Be5 41. Rc4 Kg6 42. Re4 1-0

[Event "Kostroma Volga Cup op"]
[Site "Kostroma"]
[Date "2008.07.??"]
[Round "5"]
[White "Maslov, Mikhail"]
[Black "Galiev, Azat"]
[Result "1-0"]
[WhiteElo "2325"]
[BlackElo "2200"]
[PlyCount "97"]
[EventDate "2008.07.??"]
[EventType "swiss"]
[EventRounds "9"]
[EventCountry "RUS"]
[SourceTitle "EXT 2009"]
[Source "ChessBase"]
[SourceDate "2008.11.26"]
[SourceVersion "1"]
[SourceVersionDate "2008.11.26"]
[SourceQuality "1"]

1. c4 c5 2. Nc3 Nf6 3. g3 d5 4. cxd5 Nxd5 5. Bg2 Nc7 6. Nf3 Nc6 7. 0-0 e5 8. d3 Be7 9. Be3 0-0 10. Nd2 Qd7 11. Qa4 Rb8 12. Rac1 Nd4 13. Qxd7 Bxd7 14. f4 Ncb5 15. Rfe1 Nf5 16. Nd5 Nxe3 17. Nxe7+ Kh8 18. Rxc5 exf4 19. gxf4 Nd4 20. Bf3 Rfe8 21. Nd5 Ne6 22. Ra5 Nxd5 23. Rxd5 Bc6 24. Rf5 Nd4 25. Re5 Rxe5 26. fxe5 Re8 27. Bxc6 Nxc6 28. Nc4 Nxe5 29. Nxe5 Rxe5 30. e4 Rc5 31. Re2 Kg8 32. Kf2 Kf8 33. Ke3 Ke7 34. Kd4 Rc8 35. Ke3 Ke6 36. d4 g6 37. Kf4 f6 38. Rd2 Rc1 39. Ke3 f5 40. Re2 Rd1 41. exf5+ Kxf5 42. Rc2 Rb1 43. Kd3 h5 44. Kc4 Rd1 45. Re2 g5 46. Kc5 Kg4 47. d5 Kh3 48. Re5 Kg4 49. d6 1-0

[Event "Kostroma Volga Cup op"]
[Site "Kostroma"]
[Date "2008.07.??"]
[Round "7"]
[White "Maslov, Mikhail"]
[Black "Malygin, Alexander"]
[Result "1/2-1/2"]
[WhiteElo "2325"]
[BlackElo "2164"]
[PlyCount "70"]
[EventDate "2008.07.??"]
[EventType "swiss"]
[EventRounds "9"]
[EventCountry "RUS"]
[SourceTitle "EXT 2009"]
[Source "ChessBase"]
[SourceDate "2008.11.26"]
[SourceVersion "1"]
[SourceVersionDate "2008.11.26"]
[SourceQuality "1"]

1. c4 e5 2. g3 d6 3. Bg2 g6 4. Nc3 Bg7 5. Nf3 f5 6. d3 Nf6 7. Rb1 a5 8. a3 0-0 9. 0-0 h6 10. b4 axb4 11. axb4 Qe8 12. Nd2 g5 13. Nd5 Nxd5 14. Bxd5+ Kh8 15. Bb2 Nc6 16. b5 Ne7 17. Bg2 f4 18. Ra1 Rxa1 19. Qxa1 Qh5 20. Re1 fxg3 21. fxg3 Bh3 22. Bxh3 Qxh3 23. Rf1 Rxf1+ 24. Nxf1 Qg4 25. Qa8+ Qc8 26. Qa7 Nf5 27. Kf2 Kh7 28. Ke1 h5 29. Nd2 b6 30. Qa6 Qb8 31. Ne4 Kg6 32. Qa2 Qc8 33. Qa6 Qb8 34. Bc1 g4 35. Nc3 h4 1/2-1/2

[Event "Kostroma Volga Cup op"]
[Site "Kostroma"]
[Date "2008.07.??"]
[Round "2"]
[White "Smirnov, Alexander1111"]
[Black "Maslov, Mikhail"]
[Result "1-0"]
[WhiteElo "2206"]
[BlackElo "2325"]
[PlyCount "67"]
[EventDate "2008.07.??"]
[EventType "swiss"]
[EventRounds "9"]
[EventCountry "RUS"]
[SourceTitle "EXT 2009"]
[Source "ChessBase"]
[SourceDate "2008.11.26"]
[SourceVersion "1"]
[SourceVersionDate "2008.11.26"]
[SourceQuality "1"]

1. d4 Nf6 2. Nf3 g6 3. Nc3 d5 4. Bf4 a6 5. e3 Nbd7 6. Be2 c5 7. Ne5 Bg7 8. Nxd7 Bxd7 9. dxc5 Qa5 10. 0-0 Qxc5 11. Be5 Bc6 12. Bf3 0-0 13. Ne2 Rfd8 14. Qd4 Qxc2 15. g4 Qa4 16. b4 Ne8 17. Bxg7 Nxg7 18. Nf4 Bb5 19. Rfe1 e6 20. h4 Bc4 21. h5 Qxb4 22. hxg6 hxg6 23. Nd3 Qe7 24. Ne5 b5 25. Kg2 f6 26. Nc6 Qf8 27. Nxd8 Rxd8 28. Rh1 e5 29. Qa7 e4 30. Bd1 d4 31. Bb3 dxe3 32. Bxc4+ bxc4 33. Qxe3 Qe7 34. Rad1 1-0

[Event "Kostroma Volga Cup"]
[Site "Kostroma"]
[Date "2007.07.08"]
[Round "8"]
[White "Maslov, Mikhail"]
[Black "Annenkov, Kirill"]
[Result "0-1"]
[WhiteElo "2328"]
[BlackElo "2266"]
[PlyCount "92"]
[EventDate "2007.07.03"]
[EventType "tourn"]
[EventRounds "11"]
[EventCountry "RUS"]
[EventCategory "2"]
[SourceTitle "EXT 2010"]
[Source "ChessBase"]
[SourceDate "2010.11.25"]
[SourceVersion "1"]
[SourceVersionDate "2010.11.25"]
[SourceQuality "1"]

1. c4 c6 2. g3 d5 3. Bg2 Nf6 4. Nf3 Bf5 5. Qb3 Qb6 6. d3 e6 7. 0-0 Nbd7 8. Nc3 h6 9. Qxb6 axb6 10. cxd5 exd5 11. e4 dxe4 12. dxe4 Be6 13. Nd4 Bc4 14. Rd1 Bb4 15. e5 Nxe5 16. Re1 0-0-0 17. Rxe5 Rxd4 18. Be3 Bxc3 19. bxc3 Rd3 20. Bh3+ Kb8 21. Bxb6 Rxc3 22. a4 Bd5 23. Rae1 Rc4 24. a5 Re4 25. R1xe4 Bxe4 26. Re7 Re8 27. Rxe8+ Nxe8 28. Kf1 Nd6 29. Ke1 Nc4 30. Bd8 Bd3 31. Bb6 Nxb6 32. axb6 Bc4 33. Kd2 Be6 34. Bf1 Kc8 35. Kc3 Kd7 36. Kb4 Kd6 37. Bd3 c5+ 38. Kb5 Kd5 39. f3 Kd4 40. Bb1 Bd5 41. f4 Bc6+ 42. Ka5 Kc3 43. g4 Kb3 44. g5 c4 45. f5 f6 46. h4 c3 0-1

[Event "Kostroma Volga Cup"]
[Site "Kostroma"]
[Date "2007.07.06"]
[Round "5"]
[White "Maslov, Mikhail"]
[Black "Bezgodova, Svetlana"]
[Result "1-0"]
[WhiteElo "2328"]
[BlackElo "2266"]
[PlyCount "77"]
[EventDate "2007.07.03"]
[EventType "tourn"]
[EventRounds "11"]
[EventCountry "RUS"]
[EventCategory "2"]
[SourceTitle "EXT 2010"]
[Source "ChessBase"]
[SourceDate "2010.11.25"]
[SourceVersion "1"]
[SourceVersionDate "2010.11.25"]
[SourceQuality "1"]

1. c4 e6 2. g3 d5 3. Bg2 c5 4. Nf3 Nc6 5. 0-0 Nf6 6. cxd5 exd5 7. d4 Be7 8. Nc3 0-0 9. dxc5 Bxc5 10. Bg5 d4 11. Bxf6 Qxf6 12. Ne4 Qe7 13. Nxc5 Qxc5 14. Qd2 Bg4 15. Qf4 Bh5 16. Rfd1 Rad8 17. Rac1 Qb5 18. Rd2 Rfe8 19. a3 h6 20. g4 Bg6 21. h3 Be4 22. Rcd1 d3 23. exd3 Rxd3 24. Re1 g5 25. Qc7 Re7 26. Qc8+ Kg7 27. Rxe4 Rxe4 28. Bf1 Nd4 29. Rxd3 Qxd3 30. Bxd3 Nxf3+ 31. Kf1 Re1+ 32. Kg2 Nh4+ 33. Kh2 Re7 34. Qc5 Rd7 35. Qe5+ Kf8 36. Be4 b6 37. Qf6 Rd2 38. Qxh6+ Ke8 39. Bc6+ 1-0

[Event "Kostroma Volga Cup"]
[Site "Kostroma"]
[Date "2007.07.05"]
[Round "4"]
[White "Dmitrenko, Viktor"]
[Black "Maslov, Mikhail"]
[Result "0-1"]
[WhiteElo "2362"]
[BlackElo "2328"]
[PlyCount "94"]
[EventDate "2007.07.03"]
[EventType "tourn"]
[EventRounds "11"]
[EventCountry "RUS"]
[EventCategory "2"]
[SourceTitle "EXT 2010"]
[Source "ChessBase"]
[SourceDate "2010.11.25"]
[SourceVersion "1"]
[SourceVersionDate "2010.11.25"]
[SourceQuality "1"]

1. d4 f5 2. e4 fxe4 3. Nc3 Nf6 4. Bg5 c6 5. f3 Qa5 6. Bxf6 exf6 7. fxe4 Bb4 8. Qf3 d5 9. Nge2 0-0 10. exd5 Qxd5 11. Qxd5+ cxd5 12. 0-0-0 Rd8 13. Nf4 Bxc3 14. bxc3 Nc6 15. c4 Bg4 16. Rd2 Rac8 17. Nxd5 Be6 18. c3 Bxd5 19. cxd5 Nb4 20. Kb2 Nxd5 21. c4 Ne3 22. c5 Nxf1 23. Rxf1 Rxc5 24. Rfd1 Rcd5 25. Kc3 Kf7 26. Rb1 R8d7 27. Kc4 Ke6 28. g4 Ra5 29. Re1+ Kd6 30. Kb4 Rd5 31. Re8 a5+ 32. Kc3 Rg5 33. h3 h5 34. gxh5 Rxh5 35. Re3 Re7 36. Rg3 b5 37. a4 Rc7+ 38. Kb3 bxa4+ 39. Kxa4 Rb7 40. Rc3 Rb4+ 41. Ka3 Rhb5 42. Rg3 Rb7 43. h4 Kd5 44. Rg4 Rc4 45. h5 Rc3+ 46. Ka4 Rb4+ 47. Kxa5 Rb7 0-1

[Event "Moscow op 03rd"]
[Site "Moscow"]
[Date "2007.02.04"]
[Round "9"]
[White "Bacherikov, Vitaly Valerievich"]
[Black "Maslov, Mikhail"]
[Result "1-0"]
[WhiteElo "2209"]
[BlackElo "2336"]
[PlyCount "93"]
[EventDate "2007.01.27"]
[EventType "swiss"]
[EventRounds "9"]
[EventCountry "RUS"]
[SourceTitle "CBM 116 Extra"]
[Source "ChessBase"]
[SourceDate "2007.03.07"]
[SourceVersion "1"]
[SourceVersionDate "2007.03.07"]
[SourceQuality "1"]

1. e4 e5 2. Nf3 Nf6 3. d3 Nc6 4. Be2 d5 5. Nbd2 Bc5 6. 0-0 h6 7. c3 dxe4 8. dxe4 a5 9. Qc2 0-0 10. b3 Qe7 11. a3 Nh5 12. Re1 Bg4 13. Nc4 Nf4 14. Bxf4 exf4 15. b4 Ba7 16. e5 f5 17. Rad1 Kh8 18. Qd2 b5 19. Nb2 Rae8 20. e6 axb4 21. axb4 Qxe6 22. Bxb5 Qf6 23. Rxe8 Rxe8 24. Qd7 Re6 25. Qxc7 Bxf3 26. gxf3 Qh4 27. Nd3 Rg6+ 28. Kf1 Qh3+ 29. Ke2 Re6+ 30. Kd2 Qxf3 31. Qc8+ Nd8 32. Qxd8+ Kh7 33. Re1 Rxe1 34. Kxe1 Qe4+ 35. Kd2 f3 36. Qd7 Bb6 37. Bc6 Qe2+ 38. Kc1 Bxf2 39. Qxf5+ Kh8 40. Be4 Be3+ 41. Kb1 Kg8 42. Bd5+ Kh8 43. Qf8+ Kh7 44. Be4+ g6 45. Qf7+ Kh8 46. Qf6+ Kg8 47. Bd5+ 1-0

[Event "Moscow op 03rd"]
[Site "Moscow"]
[Date "2007.01.27"]
[Round "1"]
[White "Vorobiov, Evgeny E"]
[Black "Maslov, Mikhail"]
[Result "1/2-1/2"]
[WhiteElo "2563"]
[BlackElo "2336"]
[PlyCount "77"]
[EventDate "2007.01.27"]
[EventType "swiss"]
[EventRounds "9"]
[EventCountry "RUS"]
[SourceTitle "CBM 116 Extra"]
[Source "ChessBase"]
[SourceDate "2007.03.07"]
[SourceVersion "1"]
[SourceVersionDate "2007.03.07"]
[SourceQuality "1"]

1. e4 e5 2. Bc4 Nc6 3. Nf3 Bc5 4. c3 d6 5. d4 exd4 6. cxd4 Bb6 7. h3 h6 8. Nc3 Nge7 9. 0-0 0-0 10. Be3 Na5 11. Bd3 f5 12. b4 Nac6 13. Qb3+ Kh8 14. d5 Ne5 15. Nxe5 dxe5 16. exf5 Bxf5 17. Qc4 Bxe3 18. fxe3 c6 19. Bxf5 Nxf5 20. dxc6 bxc6 21. Rf3 Nd6 22. Rxf8+ Qxf8 23. Qd3 Qe7 24. Rd1 Rd8 25. Qa6 Qc7 26. Na4 Nf5 27. Rxd8+ Qxd8 28. Qxa7 Kh7 29. e4 Qd1+ 30. Kh2 Nd4 31. Nc5 Qf1 32. Qa3 Qf2 33. Qg3 Qxa2 34. Nd7 Qf7 35. Nxe5 Qe6 36. Nf3 Qxe4 37. Nxd4 Qxd4 38. Qf3 Qxb4 39. Qxc6 1/2-1/2

[Event "Moscow op 02nd"]
[Site "Moscow"]
[Date "2006.02.01"]
[Round "4"]
[White "Nechepurenko, Roman V"]
[Black "Maslov, Mikhail"]
[Result "1-0"]
[WhiteElo "2430"]
[BlackElo "2342"]
[PlyCount "53"]
[EventDate "2006.01.29"]
[EventType "swiss"]
[EventRounds "9"]
[EventCountry "RUS"]
[SourceTitle "CBM 110 Extra"]
[Source "ChessBase"]
[SourceDate "2006.03.10"]
[SourceVersion "2"]
[SourceVersionDate "2006.03.10"]
[SourceQuality "1"]

1. e4 e5 2. Nf3 Nf6 3. Nxe5 d6 4. Nc4 Nxe4 5. Nc3 Nxc3 6. bxc3 Be7 7. d4 0-0 8. Bd3 g6 9. 0-0 Nc6 10. Ne3 Bf6 11. f4 Re8 12. Qf3 Nxd4 13. cxd4 Bxd4 14. Rb1 Qe7 15. Kh1 c6 16. Rb4 Bc3 17. Re4 Qd8 18. f5 Rxe4 19. Bxe4 Bg7 20. Bd3 Bd7 21. h3 Kh8 22. Bd2 b5 23. Ng4 Qb6 24. Nh6 Rf8 25. fxg6 fxg6 26. Qxf8+ Bxf8 27. Bc3+ 1-0

[Event "Moscow op 02nd"]
[Site "Moscow"]
[Date "2006.01.30"]
[Round "2"]
[White "Hasangatin, Ramil"]
[Black "Maslov, Mikhail"]
[Result "1-0"]
[WhiteElo "2460"]
[BlackElo "2342"]
[PlyCount "39"]
[EventDate "2006.01.29"]
[EventType "swiss"]
[EventRounds "9"]
[EventCountry "RUS"]
[SourceTitle "CBM 110 Extra"]
[Source "ChessBase"]
[SourceDate "2006.03.10"]
[SourceVersion "2"]
[SourceVersionDate "2006.03.10"]
[SourceQuality "1"]

1. d4 f5 2. Nc3 g6 3. e4 fxe4 4. Nxe4 Nf6 5. Nxf6+ exf6 6. Bd3 d5 7. h4 c5 8. h5 c4 9. Be2 g5 10. h6 Bf5 11. b3 cxb3 12. axb3 Qc8 13. c4 Nc6 14. Nf3 Bb4+ 15. Bd2 dxc4 16. Bxc4 g4 17. Nh4 Bd7 18. Bxb4 Nxb4 19. 0-0 Qc7 20. Qe1+ 1-0

[Event "RUS-ch U18"]
[Site "Nojabrsk"]
[Date "2005.04.12"]
[Round "7"]
[White "Maslov, Mikhail"]
[Black "Bryndin, Alexey"]
[Result "0-1"]
[WhiteElo "2324"]
[BlackElo "2272"]
[PlyCount "65"]
[EventDate "2005.04.06"]
[EventType "swiss"]
[EventRounds "9"]
[EventCountry "RUS"]
[SourceTitle "EXT 2006"]
[Source "ChessBase"]
[SourceDate "2005.11.24"]
[SourceVersion "1"]
[SourceVersionDate "2005.11.24"]
[SourceQuality "1"]

1. c4 c5 2. g3 g6 3. Bg2 Bg7 4. Nc3 Nc6 5. e3 e5 6. Nge2 Nge7 7. 0-0 0-0 8. a3 a5 9. Nb5 d5 10. cxd5 Nxd5 11. d4 exd4 12. exd4 Nxd4 13. Nexd4 cxd4 14. Nxd4 Qb6 15. Bxd5 Bxd4 16. Bh6 Rd8 17. Qf3 Qf6 18. Rad1 Qxf3 19. Bxf3 Be6 20. Rd2 Bg7 21. Rxd8+ Rxd8 22. Bg5 Rd7 23. b4 a4 24. b5 Rd3 25. Rd1 Rxd1+ 26. Bxd1 Bb3 27. Bf3 Bf8 28. Bxb7 Bxa3 29. b6 Bc5 30. Bd8 a3 31. Bc6 a2 32. Bf6 Bxb6 33. Kf1 0-1

[Event "RUS-ch U18"]
[Site "Nojabrsk"]
[Date "2005.04.07"]
[Round "2"]
[White "Maslov, Mikhail"]
[Black "Garakov, Mikhael"]
[Result "1-0"]
[WhiteElo "2324"]
[BlackElo "2359"]
[PlyCount "59"]
[EventDate "2005.04.06"]
[EventType "swiss"]
[EventRounds "9"]
[EventCountry "RUS"]
[SourceTitle "EXT 2006"]
[Source "ChessBase"]
[SourceDate "2005.11.24"]
[SourceVersion "1"]
[SourceVersionDate "2005.11.24"]
[SourceQuality "1"]

1. c4 c5 2. g3 e6 3. Bg2 Nf6 4. Nf3 Nc6 5. 0-0 Be7 6. b3 0-0 7. Bb2 d6 8. d4 cxd4 9. Nxd4 Bd7 10. Nc3 a6 11. e4 Nxd4 12. Qxd4 Bc6 13. h3 Re8 14. Kh2 Bf8 15. b4 b6 16. Qd3 Qc7 17. Rac1 Bb7 18. Nd1 Nd7 19. f4 Rad8 20. Ne3 Qb8 21. Ng4 Be7 22. f5 Ne5 23. Qe2 Nxg4+ 24. Qxg4 Bf8 25. Bxg7 exf5 26. exf5 h5 27. Qg5 Bxg2 28. Bf6+ Kh7 29. Qxh5+ Bh6 30. Qxf7+ 1-0

[Event "RUS-ch U18"]
[Site "Nojabrsk"]
[Date "2005.04.06"]
[Round "1"]
[White "Askarov, Marat"]
[Black "Maslov, Mikhail"]
[Result "0-1"]
[WhiteElo "2455"]
[BlackElo "2324"]
[PlyCount "70"]
[EventDate "2005.04.06"]
[EventType "swiss"]
[EventRounds "9"]
[EventCountry "RUS"]
[SourceTitle "EXT 2006"]
[Source "ChessBase"]
[SourceDate "2005.11.24"]
[SourceVersion "1"]
[SourceVersionDate "2005.11.24"]
[SourceQuality "1"]

1. g3 c5 2. Bg2 g6 3. c4 Bg7 4. Nc3 e6 5. e4 Nc6 6. Nge2 Nge7 7. 0-0 0-0 8. d3 Nd4 9. Nxd4 cxd4 10. Ne2 f5 11. exf5 Rxf5 12. Nf4 Rb8 13. Be4 Rf8 14. h4 b5 15. h5 g5 16. h6 Bxh6 17. Qh5 Kg7 18. Nh3 Qe8 19. Qg4 d5 20. Nxg5 Ng6 21. Bxg6 Qxg6 22. Qxd4+ Kg8 23. Qe5 Rb7 24. cxd5 Bg7 25. Qe4 exd5 26. Qxd5+ Kh8 27. Be3 Rd7 28. Qxb5 Rxd3 29. Rad1 Ba6 30. Qc5 h6 31. Nh3 Qg4 32. Nf4 Bb7 33. Kh2 Rxf4 34. Bxf4 Qf3 35. Kh3 Rd5 0-1

[Event "RUS-ch U18"]
[Site "Dagomys"]
[Date "2004.04.??"]
[Round "10"]
[White "Maslov, Mikhail"]
[Black "Gladkiy, Dmitriy"]
[Result "0-1"]
[WhiteElo "2243"]
[BlackElo "2313"]
[PlyCount "70"]
[EventDate "2004.04.??"]
[EventType "swiss"]
[EventRounds "10"]
[EventCountry "RUS"]
[SourceTitle "EXT 2005"]
[Source "ChessBase"]
[SourceDate "2004.11.15"]
[SourceVersion "1"]
[SourceVersionDate "2004.11.15"]
[SourceQuality "1"]

1. c4 g6 2. d4 Nf6 3. g3 Bg7 4. Bg2 0-0 5. Nc3 d6 6. e3 Nbd7 7. Nge2 e5 8. 0-0 Re8 9. b4 e4 10. Qb3 Nf8 11. Bb2 Bf5 12. d5 Qd7 13. Rfd1 h5 14. c5 N8h7 15. Rd2 h4 16. Qa4 Qe7 17. Nd4 Nd7 18. Ncb5 Ne5 19. Nxf5 gxf5 20. Bxe5 Bxe5 21. cxd6 cxd6 22. Rc1 Rf8 23. Qd1 Qg5 24. Nd4 Nf6 25. f4 exf3 26. Qxf3 hxg3 27. Nxf5 gxh2+ 28. Kh1 Kh8 29. Rc4 Nh7 30. Qh3 Rac8 31. Rdc2 Rxc4 32. Rxc4 Qg6 33. b5 Rg8 34. a3 b6 35. a4 Re8 0-1